000 004670000a22001810004500
003 MACL
005 20150726151231.0
008 150726b xxu||||| |||| 00| 0 eng d
040 _aMACL
_cMACL
041 _aEnglish
082 _a331/NIR
100 _aNirmal, Dr Veenu
_92637
245 _aMigrant Labour in India
_bAn Explorative Study
260 _bUniversal Voice
_c2007
_aDelhi
350 _a295
650 _aLabour Economics
_92398
942 _cBK
_k331/NIR
_2ddc
999 _c41858
_d41858